000 nam a22 7a 4500
999 _c129107
_d129107
008 190305b xxu||||| |||| 00| 0 eng d
020 _a9782873562182
050 _aBX2179.L9
_bD295
100 _aDecloux, Simon
_943198
245 _aL'Esprit saint viendra sur toi
_bretraite de 8 jours a l'ecoute de saint Luc
_cSimon Decloux
260 _aBruxelles
_bEditions Fidelite
_c2002
300 _a176p. ;
_c21cm.
650 _aSpiritual Exercises
_xCommentaries
_922868
942 _2lcc
_cMONOGRAPH